Primi 15 paesi interessati da Covid-19 - 5 mar 2021 - Statistics

Statistiche generali
  • Questo quiz è stato fatto 5 volte
  • Il punteggio medio è 14 su 27
Statistiche sulle risposte
paese % Corretto
Francia
100%
Italia
100%
Russia
100%
Stati Uniti
100%
Belgio
80%
Brasile
80%
Paesi Bassi
80%
Regno Unito
80%
Spagna
80%
Argentina
60%
Germania
60%
Messico
60%
Polonia
60%
Portogallo
60%
Svizzera
60%
Colombia
40%
India
40%
Turchia
40%
Cechia
20%
Iran
20%
Israele
20%
Lituania
20%
Slovenia
20%
Svezia
20%
Bahrain
0%
Georgia
0%
Panama
0%
Nessun quiz corrispondente trovato
Distribuzione punteggi
Percentuale di utenti per punteggio
Percentile per numero di risposta
I tuoi punteggi nel tempo
Non hai fatto questo quiz